ARRUPE JESUIT UNIVERSITY

CORONAVIRUS -STOP THE SPREAD - CLEAN,DISINFECT,COVER

The Pope in Winter (Record no. 120041)

MARC details
000 -LEADER
fixed length control field 00427nam a22001337a 4500
008 - FIXED-LENGTH DATA ELEMENTS--GENERAL INFORMATION
fixed length control field 140212b xxu||||| |||| 00| 0 eng d
050 ## - LIBRARY OF CONGRESS CALL NUMBER
Classification number BX1378.6.C821 2004
100 ## - MAIN ENTRY--PERSONAL NAME
Personal name Cornwell, John
9 (RLIN) 8615
245 ## - TITLE STATEMENT
Title The Pope in Winter
Remainder of title the dark face of John Paul 11's Papacy /
Statement of responsibility, etc John Cornwell
260 ## - PUBLICATION, DISTRIBUTION, ETC. (IMPRINT)
Place of publication, distribution, etc London
Name of publisher, distributor, etc Penguin Books
Date of publication, distribution, etc 2004
300 ## - PHYSICAL DESCRIPTION
Extent xviii, 329p. ; 25cm.
650 ## - SUBJECT ADDED ENTRY--TOPICAL TERM
Topical term or geographic name as entry element John Paul 11
9 (RLIN) 8616
942 ## - ADDED ENTRY ELEMENTS (KOHA)
Source of classification or shelving scheme Library of Congress Classification
Item type Monograph ( Printed materials)
Holdings
Withdrawn status Lost status Source of classification or shelving scheme Damaged status Not for loan Home library Current library Shelving location Date acquired Total Checkouts Full call number Barcode Date last seen Price effective from Koha item type
    Library of Congress Classification     ARRUPE LIBRARY ARRUPE LIBRARY Main Collection 12/02/2014   BX1378.6.C821 2004 46411080 22/11/2017 12/02/2014 Monograph ( Printed materials)

 

Arrupe Library. PO Box MP320 Mt Pleasant, Harare, Zimbabwe
263 242 745411|librarian@aju.ac.zw